| 000 | 00684nam a2200217Ia 4500 | ||
|---|---|---|---|
| 005 | 20220329174329.0 | ||
| 008 | 210716s2012 xx 000 0 und d | ||
| 020 | _a9788126560615 | ||
| 040 | _cAIMIT LIBRARY | ||
| 041 | _aeng | ||
| 082 |
_a332.632 _24 _bHULJ |
||
| 100 |
_aHull, John C. _926535 |
||
| 245 |
_aRisk management and financial institutions / _cBy John C. Hull. |
||
| 250 | _a4th ed. | ||
| 260 |
_aNew Delhi : _bWiley India , _c2012. |
||
| 300 |
_axxv,714p. ; _c23.5 cm. |
||
| 650 |
_aRisk Management & Derivatives. _926536 |
||
| 650 |
_aTrading in financial markets. _926537 |
||
| 650 |
_aMutual funds and hedge funds. _926538 |
||
| 942 |
_2ddc _cBK _e4th _k332.632 HULJ |
||
| 999 |
_c209971 _d209971 |
||